ARRUPE JESUIT UNIVERSITY

CORONAVIRUS -STOP THE SPREAD - CLEAN,DISINFECT,COVER

What are they saying about Luke? / (Record no. 128958)

MARC details
000 -LEADER
fixed length control field 00979pam a2200253 a 4500
001 - CONTROL NUMBER
control field 4818875
003 - CONTROL NUMBER IDENTIFIER
control field ARRUPE
005 - DATE AND TIME OF LATEST TRANSACTION
control field 20190212113304.0
008 - FIXED-LENGTH DATA ELEMENTS--GENERAL INFORMATION
fixed length control field 890615s1989 nyu b 000 0 eng
010 ## - LIBRARY OF CONGRESS CONTROL NUMBER
LC control number 89036222
020 ## - INTERNATIONAL STANDARD BOOK NUMBER
International Standard Book Number 0809131110 :
Terms of availability $5.95 (est.)
040 ## - CATALOGING SOURCE
Original cataloging agency DLC
Transcribing agency DLC
Modifying agency DLC
050 00 - LIBRARY OF CONGRESS CALL NUMBER
Classification number BS2595.2
Item number .P67 1990
082 00 - DEWEY DECIMAL CLASSIFICATION NUMBER
Classification number 226.4/06
Edition number 20
300 ## - PHYSICAL DESCRIPTION
Dimensions 21 cm.
100 1# - MAIN ENTRY--PERSONAL NAME
Personal name Powell, Mark Allan,
Dates associated with a name 1953-
9 (RLIN) 44543
245 10 - TITLE STATEMENT
Title What are they saying about Luke? /
Statement of responsibility, etc Mark Allan Powell.
260 ## - PUBLICATION, DISTRIBUTION, ETC. (IMPRINT)
Place of publication, distribution, etc New York :
Name of publisher, distributor, etc Paulist Press,
Date of publication, distribution, etc c1989.
300 ## - PHYSICAL DESCRIPTION
Extent viii, 151 p. ;
504 ## - BIBLIOGRAPHY, ETC. NOTE
Bibliography, etc Includes bibliographical references.
630 00 - SUBJECT ADDED ENTRY--UNIFORM TITLE
Uniform title Bible.
Name of part/section of a work Luke
General subdivision Criticism, interpretation, etc.
9 (RLIN) 44544
630 00 - SUBJECT ADDED ENTRY--UNIFORM TITLE
Uniform title Bible.
Name of part/section of a work Luke
General subdivision Criticism, interpretation, etc.
-- History
Chronological subdivision 20th century.
9 (RLIN) 44545
906 ## - LOCAL DATA ELEMENT F, LDF (RLIN)
a 7
b cbc
c orignew
d 1
e ocip
f 19
g y-gencatlg
942 ## - ADDED ENTRY ELEMENTS (KOHA)
Source of classification or shelving scheme Library of Congress Classification
Koha item type Monograph ( Printed materials)
Holdings
Withdrawn status Lost status Source of classification or shelving scheme Damaged status Not for loan Collection code Home library Current library Shelving location Date acquired Total Checkouts Full call number Barcode Date last seen Price effective from Koha item type
    Library of Congress Classification     Main Collection ARRUPE LIBRARY ARRUPE LIBRARY Main Collection 12/02/2019   BS2595.2 .P67 1990 46600003712 12/02/2019 12/02/2019 Monograph ( Printed materials)

 

Arrupe Library. PO Box MP320 Mt Pleasant, Harare, Zimbabwe
263 242 745411|librarian@aju.ac.zw